01620nam a2200253 i 4500003000900000005001700009007000300026008004100029040003000070082001300100240007200113245007800185264005800263300002500321336002700346337003300373338002800406520064500434590002701079910001401106942001301120952021601133999001701349DO-SdBNP20240830100512.0ta240830s1950 dr 000 0 spa d aDO-SdBNPbspacBNPHUerda bF9352221 aLa frontera dominico haitiana = A la frontiere Dominico-Haitianne /06aEn la frontera dominicana-Haitiana :bA la frontiere Dominico-Haitienne / 1a[Santo Domingo] :b[editor no identificado],c[1950]. a16 páginasc23 cm. 2rdacontentatextobtxt 2rdamediaasin mediaciónbn 2rdacarrieravolumenbnc aLa noticia del acuerdo firmado entre el Arzobispo de Ciudad Trujillo, Primado de las Indias Occidentales, y el de Zaragoza, ciudad de la Virgen del Pilar, Patrona de la Hispanidad, sale del marco de una simple información religiosa. El gran interés de este acuerdo lo constituye el hecho de que estos sacerdotes españoles serán establecidos en las zonas de colonización que lindan con la frontera que corta la Isla de Santo Domingo en dos, y que separa el territorio de la República Dominicana de Haití que domina la parte occidental. De esta manera, un viejo y a veces sangriento problema, vuelve a la luz de la actualidad.  aInventariado, 2024/ YL aYLockward 2ddccLF2 00102ddc51708DS-FRVaBNPHUbBNPHUcCTd2023-03-01eDonado por Emilio Cordero Michell0oBNPHU F-RV F935p2024-5174r2024-08-30w2024-08-30yLF2zPerteneció a la biblioteca personal de Emilio Cordero Michel c57588d57588